000
00330nam a2200133Ia 4500
008
240624s9999 xx 000 0 und d
041
_a
eng
082
_a
658.15 SHA
100
_a
SHAH PARESH P
245
_a
FINANCIAL MANAGEMENT
260
_c
2008
_a
New Delhi
_b
Biztantra
300
_a
xxvi, : 491 : p. : cm. ; 25
365
_c
RS
_b
30
999
_c
8588
_d
8588